000 01874nam a22003017a 4500
008 230131e20230330xxk|||||o|||| 00| 0 eng d
041 _aeng
110 _aRoyal Institution of Chartered Surveyors
245 _aUse of GNSS in land surveying and mapping
_b- a consultation
_h[Electronic resource]
260 _aLondon,
_bRoyal Institution of Chartered Surveyors,
_c30 March 2023
300 _a53p.
490 _aRICS professional standard
490 _aRICS Consultation
500 _aConsultation opened 30 March 2023 and closes 27 April 2023
520 _aThis consultation draft of the third edition of the Use of GNSS in land surveying and mapping has been prepared by the Royal Institution of Chartered Surveyors (RICS) in partnership with Newcastle University, and with the help of an extensive peer review process. The standard forms part of a series of specifications and guidelines intended to assist all those connected with the requesting, purchase and production of surveys and mapping material at all scales, by spreading good practice and seeking to avoid duplication of effort. The new global 3rd edition features fully revised and updated sections on GNSS survey methods, control and errors, coordinate reference systems and projections, and an emphasis on quality control and office procedures.
650 _aGEOMATICS
650 _aLAND SURVEYING
650 _aMAPPING
651 _aInternational
690 _96242
_aGeomatics
700 _aPearson, Christopher
700 _aEdwards, Stuart
700 _aPenna, Nigel
710 _aRoyal Institution of Chartered Surveyors
856 _uhttps://consultations.rics.org/GNSS3/
_zView the consultation home on RICS iConsult
856 _uhttps://consultations.rics.org/gf2.ti/f/1294402/163072581.1/PDF/-/GNSS%20guidance%203rd%20ed_clean.pdf
_zView the draft 3rd edition
942 _n0
999 _c121413
_d121413